Pokémon - Les attaques de Ire-Foudre - Statistiques

Statistiques générales
  • Ce quiz a été pris 9 fois
  • Le résultat moyen est 10 sur 18
Statistiques - réponses
Niveaux Types Noms des attaques % Correct
Niveau 70 Dragon Draco-Choc
100%
Niveau 28 Électrique Coup d'Jus
86%
Niveau 35 Dragon Draco-Queue
86%
Niveau 14 Dragon Draco-Souffle
86%
Niveau 91 Électrique Fatal-Foudre
86%
Départ Feu Zénith
86%
Niveau 21 Électrique Champ Électrifié
71%
Niveau 77 Électrique Élecanon
71%
Réapprentissage Roche Pouvoir Antique
71%
Niveau 7 Électrique Chargeur
57%
Niveau 56 Dragon Draco-Marteau
43%
Départ Électrique Onde de Choc
43%
Niveau 49 Électrique Vif Éclair
43%
Niveau 63 Électrique Monte-Tension
29%
Départ Dragon Ouragan
29%
Niveau 84 Combat Big Splash
14%
Départ Normal Écrasement
14%
Niveau 42 Psy Plénitude
14%
Aucun quiz correspondant
Distribution des résultats
% des personnes avec chaque résultat
Percentile par nombre de réponses
Votre historique - résultats
Vous n’avez pas pris ce quiz